Statistics for American TV Spinoffs Quiz

Click here to take the quiz!

General Stats

  • This quiz has been taken 35,159 times
    (14,404 since last reset)
  • The average score is 9 of 18

Answer Stats

Spin-OffOriginal% Correct
JoeyFriends
93%
FrasierCheers
73%
The Cleveland ShowFamily Guy
72%
Better Call SaulBreaking Bad
68%
Dr. PhilThe Oprah Winfrey Show
66%
AngelBuffy the Vampire Slayer
57%
Melrose PlaceBeverly Hills, 90210
47%
The Colbert ReportThe Daily Show
46%
The Bionic WomanThe Six Million Dollar Man
43%
Private PracticeGrey's Anatomy
40%
Knots LandingDallas
38%
A Different WorldThe Cosby Show
38%
The JeffersonsAll in the Family
37%
Viva La BamJackass
36%
The RopersThree's Company
35%
Here Comes Honey Boo BooToddlers & Tiaras
32%
CapricaBattlestar Galactica
17%
Boston LegalThe Practice
14%

Score Distribution

Percentile by Number Answered

Percent of People with Each Score

Your Score History

You have not taken this quiz since the last reset